Word chain - Poland - Statistics

General Stats
  • This quiz has been taken 18 times
  • The average score is 6 of 20
Answer Stats
Hint Answer % Correct
Capital of Poland Warsaw
100%
City formerly known as Danzig Gdańsk
72%
German concentration camp where Holocaust happend. Auschwitz
67%
WWII conference that established the current borders of Poland Yalta
67%
Organization to which Poland joined in 2004 European Union
61%
Currency of Poland Złoty
61%
Second biggest city in Poland Kraków
56%
Fossilized tree resin of which Poland is the largest exporter Amber
50%
The fruit of which Poland is the biggest producer in Europe Apple
28%
Main city of Upper Silesia Katowice
22%
Polish name for the above Warszawa
17%
Capital of the Podhale Region Nowy Targ
6%
Capital of the Subcarpathian Voyivodeship Rzeszów
6%
Fantasy writer. Author of "The Witcher" Andrzej Sapkowski
0%
Famous polish film director Andrzej Wajda
0%
Communist leader who ruled Poland from1970-1980 Edward Gierek
0%
Famous amusement park in Poland Energylandia
0%
Polish Humanitarian who saved Jewish children during WWII Irena Sendlerowa
0%
Hometown of John Paul II Wadowice
0%
Small peninsula where WWII started Westerplatte
0%
No matching quizzes found
Score Distribution
Percent of People with Each Score
Percentile by Number Answered
Your Score History
You have not taken this quiz